000 00415nam a2200169Ia 4500
001 5688
003 IN-NITTTR
005 20251114233011.0
008 251113s9999||||xx |||||||||||||| ||eng||
040 _beng
040 _cIN-NITTTR
041 _aeng
082 _a621.43 H367M
100 _aHeldt, P. M.
245 0 _aHigh-speed combution engines :
_b design, production , tests /
_cHeldt, P. M.
942 _2ddc
_cBK
999 _c8325
_d8325